Schulzowskie marginalia

Titel: Schulzowskie marginalia / Małgorzata Kitowska-Łysiak
Verfasser:
Veröffentlicht: Lublin : Wydawn. KUL, 2007
Umfang: 183 S. : Ill.
Format: Buch
Sprache: Polnisch
RVK-Notation:
Schlagworte:
ISBN: 9788373636231
Buchumschlag
X
Lokale Klassifikation: 2 S 863 ; 32 10 E
alg: 19728947
001A    $03004:26-03-08 
001B    $01999:25-10-24 $t18:16:57.000 
001C    $00030:20-05-15 $t17:06:09.000 
001D    $00030:06-05-08 
001U    $0utf8 
001X    $00 
002@    $0Aau 
003@    $0197289479 
003O    $0263722164 $aOCoLC 
004A    $A978-83-7363-623-1 
007A    $0197289479 $aHEB 
007G    $0DE02034A967A1A273C145C12578E0003AE5D8 
007T    $0Herdhh197289479 
009P    $qapplication/pdf $A2 $3Inhaltsverzeichnis $uhttp://scans.hebis.de/HEBCGI/show.pl?19728947_toc.pdf $mV:DE-603;B:DE-Mb50 
010@    $apol 
011@    $a2007 
021A    $aSchulzowskie marginalia $hMałgorzata Kitowska-Łysiak 
028A    $#Łysiak, Małgorzata Kitowska- $D20231015 $Ecgwrk $71093886943 $8Kitowska-Łysiak, Małgorzata$Z1953-2012 [Tp1] $9377564265 
033A    $pLublin $nWydawn. KUL 
034D    $a183 S. 
034M    $aIll. 
044K    $#Schulz, Bruno $#Shults, Bruno $#Šulʹc, Bruno $#Šulc, Bruno $#Šûlṣ, Brûnô $#บรูโน ชูลซ์ $7118762427 $8Schulz, Bruno$Z1892-1942 [Tp1] $9087103109 
045F    $a809 $eDDC23BSB 
045F/01 $a809 
045F/03 $g438 
045Z    $8NY 9000 [Tkv] $9410953628 
046M    $aMit Zsfassung in engl. Sprache 

lok: 19728947 3
101B    $005-06-08 $t16:34:25.000 
101C    $006-05-08 
101U    $0utf8 
144Z/20 $aj08jun 
145S/06 $a770 
145Z/01 $a900 Ad 0100 Schulz, B. 
145Z/02 $a900 Ma 0163 Schulz, B. 

exp: 19728947 3 1 #EPN
201B/01 $006-05-08 $t16:35:49.000 
201C/01 $006-05-08 
201U/01 $0utf8 
203@/01 $0543276112 
208@/01 $a06-05-08 $bzAa 
209A/01 $a88.511.76 $du $f000 $h88 511 76 $x00 
209G/01 $a88511760 $x00 
247C/01 $8601000-3 <30>Frankfurt, Universitätsbibliothek J. C. Senckenberg, Zentralbibliothek (ZB) $9102598258 

lok: 19728947 24
101B    $019-01-09 $t11:15:34.000 
101C    $019-01-09 
101U    $0utf8 
145Z/01 $a2 S 863 
145Z/02 $a32 10 E 

exp: 19728947 24 1 #EPN
201B/01 $019-01-09 $t11:15:34.000 
201C/01 $026-03-08 
201U/01 $0utf8 
203@/01 $0541530437 
208@/01 $a19-01-09 $bz 
209A/01 $a09.0074 $du $f050 $h09 0074 $x00 
209C/01 $a09.0074 T $h09 0074 T 
209G/01 $a72332652 $x00 
220C/01 $agro 
247C/01 $8358050-7 Marburg, Bibliothek des Herder-Instituts Marburg $9102600961 

lok: 19728947 66

exp: 19728947 66 1 #EPN
201B/01 $013-01-09 $t14:31:04.000 
201C/01 $009-01-09 
201U/01 $0utf8 
203@/01 $0565568353 
208@/01 $a09-01-09 $bz 
209A/01 $aD 3 Sch/K-2 $du $f000 $x00 
209C/01 $a08/j1331KUL 
247C/01 $8618123-5 Darmstadt, Bibliothek des Deutschen Polen-Instituts $9102600902 

lok: 19728947 78

exp: 19728947 78 1 #EPN
201B/01 $019-04-17 $t21:13:41.000 
201U/01 $0utf8 
203@/01 $0794515444 
208@/01 $a12-11-16 $be 
209A/01 $a/ $f000 $x00 
220C/01 $aAnmerkung: ng 
237A/01 $aweiterführende Signatur(en): Herder-Institut: 09.0074 
244Z/01 $2Trx $8--Trx--Monographie $x01 $9391384546 
247C/01 $82080>Marburg/Lahn, Herder-Institut, Forschungsbibliothek, Bibliographieportal $9336309341
LEADER 00000cam a2200000 c 4500
001 197289479
003 DE-603
005 20241025181657.0
007 tu
008 080326s2007 xx |||| | u00||u|pol c
020 |a 9788373636231 
035 |a (DE-599)HEB197289479 
035 |a (OCoLC)263722164 
040 |a DE-603  |b ger  |c DE-603  |d DE-603 
041 |a pol 
082 0 4 |8 1\u  |a 809  |q DE-101  |2 23/BSB 
084 |a NY 9000  |0 (DE-625)132375:  |0 (DE-603)410953628  |2 rvk 
085 |8 1\u  |b 809 
085 |8 1\u  |z 2  |s 438 
100 1 |a Kitowska-Łysiak, Małgorzata  |d 1953-2012  |0 (DE-603)377564265  |0 (DE-588)1093886943  |2 gnd 
245 0 0 |a Schulzowskie marginalia  |c Małgorzata Kitowska-Łysiak 
264 1 |a Lublin  |b Wydawn. KUL  |c 2007 
300 |a 183 S.  |b Ill. 
500 |a Mit Zsfassung in engl. Sprache 
600 1 7 |a Schulz, Bruno  |d 1892-1942  |0 (DE-588)118762427  |0 (DE-603)087103109  |2 gnd 
856 4 2 |m V:DE-603;B:DE-Mb50  |q application/pdf  |u http://scans.hebis.de/HEBCGI/show.pl?19728947_toc.pdf  |3 Inhaltsverzeichnis 
924 0 |9 30  |a (DE-603)543276112  |b DE-30  |c HES  |d c  |g 88.511.76 
924 0 |9 Mb 50  |a (DE-603)541530437  |b DE-Mb50  |c HES  |d c  |g 09.0074 
924 0 |9 Ds 123  |a (DE-603)565568353  |b DE-Ds123  |c HES  |d d  |g D 3 Sch/K-2 
924 0 |9 2080  |a (DE-603)794515444  |b DE-2080  |c HES  |d d  |g /